000 00602cam a22002053a 4500
001 35515
003 PGUSA
005 20140828083750.0
008 110307s2011||||xxu|||||s|||||000 | eng d
040 _aPGUSA
_beng
042 _adc
100 1 _aStarrett, Vincent,
_d1886-1974
245 1 0 _aArthur Machen :
_bA Novelist of Ecstasy and Sin
_h[electronic resource] /
_cVincent Starrett
260 _bProject Gutenberg,
_c2011
506 _aPublic domain in the USA.
516 _aElectronic text
830 0 _aProject Gutenberg
_v35515
856 4 0 _uhttp://www.gutenberg.org/ebooks/35515
942 _cEB
999 _c264770
_d264770